MARC details
| 000 -CABECERA |
| campo de control de longitud fija |
02150cab a2200313 ab4500 |
| 005 - FECHA Y HORA DE LA ÚLTIMA TRANSACCIÓN |
| campo de control |
20241105121303.0 |
| 008 - ELEMENTOS DE LONGITUD FIJA--INFORMACIÓN GENERAL |
| campo de control de longitud fija |
991125c2015 sp tr p o 000 0 spa d |
| 035 ## - NÚMERO DE CONTROL DEL SISTEMA |
| Número de control de sistema |
UPN01000228509 |
| 040 ## - FUENTE DE LA CATALOGACIÓN |
| Centro catalogador/agencia de origen |
MX-MxUPN |
| Lengua de catalogación |
spa |
| Centro/agencia transcriptor |
MX-MxUPN |
| Normas de descripción |
aacr2 |
| 049 ## - COLECCIÓN |
| Colección |
ART-E |
| 100 1# - ASIENTO PRINCIPAL--NOMBRE PERSONAL |
| Nombre de persona |
Dávila Acedo, María Antonia |
| Enlace |
- mdavilaacedo@unex.es |
| 100 1# - ASIENTO PRINCIPAL--NOMBRE PERSONAL |
| Nombre de persona |
Borrachero Cortés, Ana Belén |
| 100 1# - ASIENTO PRINCIPAL--NOMBRE PERSONAL |
| Nombre de persona |
Cañada Cañada, Florentina |
| 100 1# - ASIENTO PRINCIPAL--NOMBRE PERSONAL |
| Nombre de persona |
Martínez Borreguero, María Guadalupe |
| 100 1# - ASIENTO PRINCIPAL--NOMBRE PERSONAL |
| Nombre de persona |
Sánchez Martín, Jesús |
| 245 10 - MENCIÓN DE TÍTULO |
| Título |
Evolución de las emociones que experimentan los estudiantes del grado de maestro en educación primaria, en didáctica de la materia y la energía |
| 506 0# - NOTA DE RESTRICCIONES AL ACCESO |
| Limitaciones de acceso |
Acceso abierto |
| 520 3# - NOTA DE RESUMEN, ETC. |
| Sumario, etc. |
En la enseñanza de las ciencias, señalar el ámbito afectivo es un aspecto básico que constituye un logro importante, pues reconocer el afecto como una emoción en los actos de conocer, pensar, actuar y relacionarse es fundamental en el proceso de aprendizaje. En este trabajo se pretende conocer y analizar las emociones que experimentan los futuros maestros de Primaria en la asignatura de Didáctica de la Materia y la Energía, antes y después de la realización de los seminarios de prácticas, donde se realizan experiencias relacionadas con conceptos químicos y físicos. La muestra está constituida por 82 estudiantes de segundo del Grado de Maestro en Educación Primaria de la Universidad de Extremadura durante el curso académico 2013/2014. Los resultados muestran una evolución en las emociones experimentadas por los estudiantes antes y después de la realización de los seminarios prácticos. Eureka |
| 653 0# - TERMINO DE INDIZACION - NO CONTROLADO |
| Término no controlado |
Enseñanza de las ciencias |
| 653 0# - TERMINO DE INDIZACION - NO CONTROLADO |
| Término no controlado |
Emociones |
| 653 0# - TERMINO DE INDIZACION - NO CONTROLADO |
| Término no controlado |
Formación inicial docente |
| 653 0# - TERMINO DE INDIZACION - NO CONTROLADO |
| Término no controlado |
Educación primaria |
| 773 ## - ENLACE AL DOCUMENTO FUENTE/ENTRADA DE REGISTRO ANFITRIÓN |
| Parte(s) relacionada(s) |
Vol. 12, no. 3 (2015), p. 550-564 |
| Título |
Revista Eureka sobre enseñanza y divulgación de las ciencias |
| Número Internacional Normalizado para Publicaciones Seriadas |
1697-011X |
| 856 4# - LOCALIZACIÓN Y ACCESO ELECTRÓNICOS |
| Identificador Uniforme del Recurso |
<a href="https://revistas.uca.es/index.php/eureka/article/view/2942">https://revistas.uca.es/index.php/eureka/article/view/2942</a> |
| 856 4# - LOCALIZACIÓN Y ACCESO ELECTRÓNICOS |
| Identificador Uniforme del Recurso |
<a href="http://dx.doi.org/10.25267/Rev_Eureka_ensen_divulg_cienc.2015.v12.i3.12">http://dx.doi.org/10.25267/Rev_Eureka_ensen_divulg_cienc.2015.v12.i3.12</a> |
| 902 ## - ELEMENTOS DE DATOS B LOCAL, LDB (RLIN) |
| Creó |
Leonor Sotres/051124 |
| 905 ## - TIPO DE MATERIAL |
| Tipo de material |
Articulo |
| 942 ## - ELEMENTOS DE PUNTO DE ACCESO ADICIONAL (KOHA) |
| Tipo de ítem Koha |
Artículo Electrónico |